<?xml version="1.0" encoding="UTF-8"?><?xml-stylesheet type="text/xsl" href="static/style.xsl"?><OAI-PMH xmlns="http://www.openarchives.org/OAI/2.0/" xmlns:xsi="http://www.w3.org/2001/XMLSchema-instance" xsi:schemaLocation="http://www.openarchives.org/OAI/2.0/ http://www.openarchives.org/OAI/2.0/OAI-PMH.xsd"><responseDate>2026-04-14T07:23:56Z</responseDate><request verb="GetRecord" identifier="oai:www.recercat.cat:20.500.12328/5044" metadataPrefix="marc">https://recercat.cat/oai/request</request><GetRecord><record><header><identifier>oai:recercat.cat:20.500.12328/5044</identifier><datestamp>2025-10-02T22:57:56Z</datestamp><setSpec>com_2072_67741</setSpec><setSpec>col_2072_484352</setSpec></header><metadata><record xmlns="http://www.loc.gov/MARC21/slim" xmlns:dcterms="http://purl.org/dc/terms/" xmlns:xsi="http://www.w3.org/2001/XMLSchema-instance" xmlns:doc="http://www.lyncode.com/xoai" xsi:schemaLocation="http://www.loc.gov/MARC21/slim http://www.loc.gov/standards/marcxml/schema/MARC21slim.xsd">
   <leader>00925njm 22002777a 4500</leader>
   <datafield ind2=" " ind1=" " tag="042">
      <subfield code="a">dc</subfield>
   </datafield>
   <datafield ind2=" " ind1=" " tag="720">
      <subfield code="a">Malo Urriés, Miguel</subfield>
      <subfield code="e">author</subfield>
   </datafield>
   <datafield ind2=" " ind1=" " tag="720">
      <subfield code="a">Rodríguez-Sanz, Jacobo</subfield>
      <subfield code="e">author</subfield>
   </datafield>
   <datafield ind2=" " ind1=" " tag="720">
      <subfield code="a">Borrella Andrés, Sergio</subfield>
      <subfield code="e">author</subfield>
   </datafield>
   <datafield ind2=" " ind1=" " tag="720">
      <subfield code="a">Ríos Asín, Izarbe</subfield>
      <subfield code="e">author</subfield>
   </datafield>
   <datafield ind2=" " ind1=" " tag="720">
      <subfield code="a">Albarova-Corral, Isabel</subfield>
      <subfield code="e">author</subfield>
   </datafield>
   <datafield ind2=" " ind1=" " tag="720">
      <subfield code="a">López-de-Celis, Carlos</subfield>
      <subfield code="e">author</subfield>
   </datafield>
   <datafield ind2=" " ind1=" " tag="260">
      <subfield code="c">2025</subfield>
   </datafield>
   <datafield ind2=" " ind1=" " tag="520">
      <subfield code="a">Background/Objectives: Percutaneous electrolysis is a physiotherapeutic technique based on the application of galvanic current to induce structural and biochemical changes in musculoskeletal tissues. Although widely used in tendinopathies, its application in muscle tissue, particularly regarding optimal dosage, remains poorly understood. This study aimed to evaluate the dose-dependent effects of galvanic current on cadaveric muscle tissue (medial gastrocnemius) using quantitative ultrasound analysis, and to identify objective biomarkers to guide dosage. Methods: An experimental model was employed, applying galvanic current at varying intensities (0–10.0 mA) to 29 samples of cadaveric medial gastrocnemius. Quantitative ultrasound parameters were measured, including geometric and textural features. Correlation analyses and simple and multiple linear regressions were performed to assess the relationship between current intensity and ultrasound variables. Additionally, dose segmentation into three groups (low: 0–1.0 mA, medium: 1.0–4.0 mA, high: >4.0 mA) allowed for comparative statistical analysis using Kruskal–Wallis and post hoc Mann–Whitney U tests. Results: Significant dose–response relationships were observed in key ultrasound parameters, including A_Number, A_Area, A_Perimeter, and A_Contrast (p &lt; 0.001). Regression analysis revealed that a combination of A_Area, A_Number, and A_Perimeter accounted for 66.7% of the variance in applied dose (R2 = 0.667, p &lt; 0.001), leading to the creation of the predictive variable Muscle_Electrolysis_Dose. Comparative analysis confirmed significant differences between low-, medium-, and high-dose groups, particularly between lower and higher doses. Conclusions: Quantitative ultrasound effectively detects structural changes in muscle tissue following percutaneous electrolysis. The results support the development of objective, image-based criteria for optimizing galvanic current dosage, enhancing the precision and personalization of treatment.</subfield>
   </datafield>
   <datafield ind1="8" ind2=" " tag="024">
      <subfield code="a">Malo Urriés, Miguel; Rodríguez-Sanz, Jacobo; Borrella Andrés, Sergio [et al.]. Quantitative ultrasound characterization of intensity-dependent changes in muscle tissue during percutaneous electrolysis. Journal of Clinical Medicine, 2025, 14(12), 4064. Disponible en: &lt;https://www.mdpi.com/2077-0383/14/12/4064>. Fecha de acceso: 29 sep. 2025. DOI: 10.3390/jcm14124064</subfield>
   </datafield>
   <datafield ind1="8" ind2=" " tag="024">
      <subfield code="a">2077-0383</subfield>
   </datafield>
   <datafield ind1="8" ind2=" " tag="024">
      <subfield code="a">http://hdl.handle.net/20.500.12328/5044</subfield>
   </datafield>
   <datafield ind1="8" ind2=" " tag="024">
      <subfield code="a">https://dx.doi.org/10.3390/jcm14124064</subfield>
   </datafield>
   <datafield tag="653" ind2=" " ind1=" ">
      <subfield code="a">Electròlisi percutània</subfield>
   </datafield>
   <datafield tag="653" ind2=" " ind1=" ">
      <subfield code="a">Dosificació</subfield>
   </datafield>
   <datafield tag="653" ind2=" " ind1=" ">
      <subfield code="a">Ultrasons quantitatius</subfield>
   </datafield>
   <datafield tag="653" ind2=" " ind1=" ">
      <subfield code="a">Corrent galvànic</subfield>
   </datafield>
   <datafield tag="653" ind2=" " ind1=" ">
      <subfield code="a">Múscul</subfield>
   </datafield>
   <datafield tag="653" ind2=" " ind1=" ">
      <subfield code="a">Electrólisis percutánea</subfield>
   </datafield>
   <datafield tag="653" ind2=" " ind1=" ">
      <subfield code="a">Dosificación</subfield>
   </datafield>
   <datafield tag="653" ind2=" " ind1=" ">
      <subfield code="a">Ultrasonido cuantitativo</subfield>
   </datafield>
   <datafield tag="653" ind2=" " ind1=" ">
      <subfield code="a">Corriente galvánica</subfield>
   </datafield>
   <datafield tag="653" ind2=" " ind1=" ">
      <subfield code="a">Músculo</subfield>
   </datafield>
   <datafield tag="653" ind2=" " ind1=" ">
      <subfield code="a">Percutaneous electrolysis</subfield>
   </datafield>
   <datafield tag="653" ind2=" " ind1=" ">
      <subfield code="a">Dosage</subfield>
   </datafield>
   <datafield tag="653" ind2=" " ind1=" ">
      <subfield code="a">Quantitative ultrasound</subfield>
   </datafield>
   <datafield tag="653" ind2=" " ind1=" ">
      <subfield code="a">Galvanic current</subfield>
   </datafield>
   <datafield tag="653" ind2=" " ind1=" ">
      <subfield code="a">Muscle</subfield>
   </datafield>
   <datafield ind2="0" ind1="0" tag="245">
      <subfield code="a">Quantitative ultrasound characterization of intensity-dependent changes in muscle tissue during percutaneous electrolysis</subfield>
   </datafield>
</record></metadata></record></GetRecord></OAI-PMH>